00660nam a2200181Ia 4500008004000000020001900040082001500059100002300074245006200097260004900159300001400208440000600222650003600228690001800264906001100282999001900293952016600312210210b2001 xxu||||| |||| 00| 0 eng d a81 57958 091 2 a300.3 MICE aMICHIE (Jonathan). aEncyclopaedia of social sciences a reader's guide. Vol 4. aLondon.bFitzroy Dearborn Publishers.,c2001 a1445-2095 a4 aEncyclopaedia Social Sciences  aEncyclopaedia a057584 c105213d105213 001040738Social ScienceaALbALcSocial Scienced2021-02-17eStandard Literature, Mumbai.g3125.00l0o300.3 MICEp057584r2021-02-17 00:00:00w2021-02-17yBK